Türkiye Kupası Galipleri - Statistics

General Stats
  • This quiz has been taken 52 times
  • The average score is 58 of 63
Answer Stats
Hint Answer % Correct
1974-75 Beşiktaş
100%
1988-89 Beşiktaş
100%
1989-90 Beşiktaş
100%
1993-94 Beşiktaş
100%
1997-98 Beşiktaş
100%
2005-06 Beşiktaş
100%
2006-07 Beşiktaş
100%
2008-09 Beşiktaş
100%
2010-11 Beşiktaş
100%
2020-21 Beşiktaş
100%
2023-24 Beşiktaş
100%
1967-68 Fenerbahçe
100%
1973-74 Fenerbahçe
100%
1978-79 Fenerbahçe
100%
1982-83 Fenerbahçe
100%
2011-12 Fenerbahçe
100%
2012-13 Fenerbahçe
100%
2022-23 Fenerbahçe
100%
1962-63 Galatasaray
100%
1963-64 Galatasaray
100%
1964-65 Galatasaray
100%
1965-66 Galatasaray
100%
1972-73 Galatasaray
100%
1975-76 Galatasaray
100%
1981-82 Galatasaray
100%
1984-85 Galatasaray
100%
1990-91 Galatasaray
100%
1992-93 Galatasaray
100%
1995-96 Galatasaray
100%
1998-99 Galatasaray
100%
1999-00 Galatasaray
100%
2004-05 Galatasaray
100%
2013-14 Galatasaray
100%
2014-15 Galatasaray
100%
2015-16 Galatasaray
100%
2018-19 Galatasaray
100%
2024-25 Galatasaray
100%
1976-77 Trabzonspor
100%
1977-78 Trabzonspor
100%
1983-84 Trabzonspor
100%
1991-92 Trabzonspor
100%
1994-95 Trabzonspor
100%
2002-03 Trabzonspor
100%
2003-04 Trabzonspor
100%
2009-10 Trabzonspor
100%
2019-20 Trabzonspor
100%
1985-86 Bursaspor
87%
1986-87 Gençlerbirliği
82%
2000-01 Gençlerbirliği
82%
2017-18 Akhisar Belediyespor
80%
2016-17 Konyaspor
80%
1971-72 Ankaragücü
73%
1980-81 Ankaragücü
73%
1968-69 Göztepe
73%
1969-70 Göztepe
73%
2021-22 Sivasspor
71%
1966-67 Altay
62%
1979-80 Altay
62%
1970-71 Eskişehirspor
60%
2007-08 Kayserispor
56%
1996-97 Kocaelispor
51%
2001-02 Kocaelispor
51%
1987-88 Sakaryaspor
42%
No matching quizzes found
Score Distribution
Percent of People with Each Score
Percentile by Number Answered
Your Score History
You have not taken this quiz